=LDR 00000nam 2200000 4500 =001 INLIS000000000020813 =005 20130612115731 =008 ***********************************Ind** =035 ##$$0010-061300000020813 =041 ##$$a Ind =082 ##$$a 795.925 =090 ##$$a 795.925, Luc s =100 ##$$a Lucas =245 ##$$a Seni merangkai janur secara praktis, Lucas dan Sultons =260 ##$$a 2003 $b Surabaya =300 ##$$a iii, 61 hlm., ilus., 21 cm =650 ##$$a Merangkai Janur =700 ##$$a Sultons =850 ##$$a NBPNMAT